Back to basis (Record no. 76461)
[ view plain ]
| 000 -LEADER | |
|---|---|
| fixed length control field | 01186cab a2200181 4500 |
| 001 - CONTROL NUMBER | |
| control field | ##L132466 |
| 008 - FIXED-LENGTH DATA ELEMENTS--GENERAL INFORMATION | |
| fixed length control field | 060210n2006 000 0 eng u |
| 035 ## - SYSTEM CONTROL NUMBER | |
| System control number | (Sirsi) u132466 |
| 041 0# - LANGUAGE CODE | |
| Language code of text/sound track or separate title | eng |
| 100 1# - MAIN ENTRY--PERSONAL NAME | |
| Personal name | Lawson, David |
| 245 00 - TITLE STATEMENT | |
| Title | Back to basis |
| Remainder of title | software |
| 260 ## - PUBLICATION, DISTRIBUTION, ETC. | |
| Date of publication, distribution, etc. | 2006 |
| 490 #0 - SERIES STATEMENT | |
| Series statement | Property Week |
| Volume/sequential designation | 71(5) 3 February 2006, 129(1) |
| 520 ## - SUMMARY, ETC. | |
| Summary, etc. | REITs have the potential to revolutionise the property market place in that it aims move away from traditional big landlords owned mainly by institutions to trusts, meaning even smaller investors can invest in. But, a potential ruinous flaw seems to have been overlooked in the shape of its software. These new bodies will require frequent valuations to determine share values. Transferring key data featured in property management systems, such as rent and lease lengths, may prove a continuous task of manual alteration. This is a problem given that property management systems stick to the original data, so that even when this can be easily transferred to valuation programs, changes are overwritten. |
| 590 ## - LOCAL NOTE (RLIN) | |
| Local note | IKA140206 |
| 690 ## - LOCAL SUBJECT ADDED ENTRY--TOPICAL TERM (OCLC, RLIN) | |
| Topical term or geographic name as entry element | PROPERTY-PROPERTY FINANCE AND INVESTMENT-REAL ESTATE INVESTMENT TRUSTS |
| 942 ## - ADDED ENTRY ELEMENTS (KOHA) | |
| Suppress in OPAC | 0 |
| Withdrawn status | Lost status | Source of classification or shelving scheme | Damaged status | Not for loan | Home library | Current library | Shelving location | Date acquired | Total Checkouts | Full call number | Barcode | Date last seen | Copy number | Price effective from | Koha item type |
|---|---|---|---|---|---|---|---|---|---|---|---|---|---|---|---|
| Dewey Decimal Classification | London | London | Journal article | 10/02/2006 | L132466 | 132466-1001 | 06/08/2019 | 1 | 06/08/2019 | Journal article |